<?xml version="1.0" encoding="UTF-8"?>
<marc:record xmlns:marc="http://www.loc.gov/MARC21/slim">
   <marc:leader>00000nam a2200000 a 4500</marc:leader>
   <marc:datafield ind1="1" ind2=" " tag="100">
      <marc:subfield code="a">Pinnow, Judith</marc:subfield>
      <marc:subfield code="4">aut</marc:subfield>
      <marc:subfield code="e">Verfasser/-in</marc:subfield>
   </marc:datafield>
   <marc:datafield ind1="0" ind2="0" tag="245">
      <marc:subfield code="a">Versprich mir, dass es großartig wird ...</marc:subfield>
   </marc:datafield>
   <marc:datafield ind1="0" ind2="0" tag="245">
      <marc:subfield code="b">Roman</marc:subfield>
   </marc:datafield>
   <marc:datafield ind1="0" ind2="0" tag="245">
      <marc:subfield code="c">Judith Pinnow</marc:subfield>
   </marc:datafield>
   <marc:datafield ind1=" " ind2="1" tag="264">
      <marc:subfield code="a">Frankfurt am Main</marc:subfield>
      <marc:subfield code="b">Fischer Krüger</marc:subfield>
      <marc:subfield code="c">2016</marc:subfield>
   </marc:datafield>
   <marc:datafield ind1="1" ind2=" " tag="520">
      <marc:subfield code="a">Angaben aus der Verlagsmeldung

Versprich mir, dass es großartig wird : Roman / von Judith Pinnow

Damals schien die Welt auf uns zu warten.

Mit viel Gefühl für die Bruchstellen in einer Freundschaft erzählt Judith Pinnow in ihrem neuen Roman von alten Jugendträumen und neuen Plänen.

Franzi und Lena sind mit Anfang zwanzig nach New York gegangen, den Traum vom großen Ruhm als Schauspielerin im Gepäck. Eine großartige Zeit bricht an, voller hochfliegender Pläne und neuer Abenteuer. Hinter jeder Ecke wartet ein neues Versprechen.

Doch dann trennen sich ihre Wege. Unterschiedliche Lebensentwürfe und unterschwelliger Neid zerstören die Freundschaft. Erst nach dreizehn Jahren Funkstille sehen sie sich wieder. Es ist Zeit, ihre Geschichte noch mal umzuschreiben.
</marc:subfield>
   </marc:datafield>
   <marc:datafield ind1=" " ind2=" " tag="020">
      <marc:subfield code="a">9783810524546</marc:subfield>
      <marc:subfield code="9">9783810524546</marc:subfield>
   </marc:datafield>
   <marc:datafield ind1=" " ind2=" " tag="020">
      <marc:subfield code="a">3810524549</marc:subfield>
      <marc:subfield code="9">3810524549</marc:subfield>
   </marc:datafield>
   <marc:datafield ind1=" " ind2=" " tag="041">
      <marc:subfield code="a">ger</marc:subfield>
   </marc:datafield>
   <marc:datafield ind1=" " ind2=" " tag="300">
      <marc:subfield code="a">424 S.</marc:subfield>
   </marc:datafield>
</marc:record>
